Význam ataraktik pro hospodářská zvířata a pro drůbež

Bibliographic Details
Main Authors: Aušková, Marie (Author), Karlová, Miloslava (Author), Kozel, Vlastimil (Author)
Format: Article
Language:Czech

MARC

LEADER 00000nab a2200000uu 4500
001 vtls011454922
003 SK-MaSNL
005 20260303113032.0
008 230121|1971 xo |||||||||||||||||cze|
015 |a SNBRB 
035 |a (urnnbn)urn:nbn:sk:snk:ar-008l6h 
035 |a (uuid)4cd2c611-7b3a-4fa1-a6ab-01028e32494e 
035 |a urn:nbn:sk:snk-abcq35 
040 |a SNKBUCL  |b slo  |c SNKBUCL  |e AACR2 
041 0 |a cze 
044 |a xo  |c SK 
100 1 |a Aušková, Marie  |4 aut  |9 1125316 
245 1 0 |a Význam ataraktik pro hospodářská zvířata a pro drůbež  |c Marie Aušková, Miloslava Karlová, Vlastimil Kozel 
700 1 |a Karlová, Miloslava  |4 aut  |9 1126472 
700 1 |a Kozel, Vlastimil  |4 aut  |9 86716 
773 0 |t Agrochémia : časopis pre chemizáciu poľnohospodárstva  |g Roč. 11, č. 9 (1971), s. 285-287 
954 |a odborná, vedecká literatúra cudzojazyčná (svetová)  |2 lita 
958 |a OND 
958 |a EUIPO 
958 |a article16 
999 |c 1889708  |d 1891638